000 00526nam a2200205Ia 4500
005 20241205015251.0
008 240331s9999 xx 000 0 und d
020 _a0195631951
082 _bWOM
_a891
245 0 _aWomen writing in India 600 B.C to the present :
_bVolume I
260 _aNew Delhi
_bOxford University Press
_c1991
300 _aXXIX, 537 p .,
650 _aWomen
650 _aLiterature
650 _aPoems
650 _aNationalism
700 _aTharu , S.
_eedt
700 _aLalita
_eedt
942 _cL
999 _c3377
_d3377